| 000 | 00764nam a2200241 a 4500 | ||
|---|---|---|---|
| 003 | MX-MxUPN | ||
| 005 | 20241002123503.0 | ||
| 008 | 991125s1940 mx fr 000 0 spa d | ||
| 035 | _aUPN01000000358 | ||
| 040 |
_aMX-MxUPN _bspa _cMX-MxUPN |
||
| 041 | _aspa | ||
| 050 | 4 |
_aLA831.8 _bK728 |
|
| 100 | 1 |
_aKrupskaya, Nadezhda Konstantinovna, _d1869-1939 _930124 |
|
| 245 | 1 | 0 |
_aAcerca de la educación comunista : _bartículos y discursos |
| 260 |
_aMoscú : _bEdiciones de lenguas extranjeras, _c[1940?]. |
||
| 300 | _a237 páginas | ||
| 600 | 1 | 2 |
_aLenin, Vladimir Ilich, _d1870-1924 _928368 |
| 650 | 4 |
_aEducación _zRusia _913698 |
|
| 700 | 1 |
_953835 _aSánchez Esteban, V. _etraducción |
|
| 902 | _bMaríaRobles/021024 | ||
| 905 | _aLibro | ||
| 942 |
_2lcc _cLIBRO _n0 |
||
| 999 |
_c358 _d358 |
||